Polskie utwory które przekroczyły 100mln odsłuchań na spotify - Statystyki

Ogólne statystyki
  • Ten quiz został rozwiązany 4 razy
  • Średni wynik to 2 z 6
Statystyki odpowiedzi
Nazwa utworu Liczba odsłuchań % Poprawnych
1 California 137,876 mln
100%
3 BLUEBERRY 124,327 mln
33%
4 FALA 109,030 mln
33%
6 I ciebie też,bardzo 102,538 mln
33%
2 Kiss cam (podryw roku) 126,763 mln
33%
5 Schodki 103,908 mln
0%
Nie znaleziono quizów pasujących do podanych kryteriów
Rozkład punktacji
Procent ludzi z każdym wynikiem
Percentyl według liczby udzielonych odpowiedzi
Twoja historia wyników
Nie rozwiązałeś tego quizu